000 00391nam a2200145Ia 4500
008 220217s9999||||xx |||||||||||||| ||und||
020 _a9788131502235
082 _a658.311 AND
100 _aAnderson, Paul
245 0 _aTechnical communication
250 _a6th
260 _aCengage learning
_bNew Delhi
_c2007
300 _aXXV, 722p.
_b395
650 _aHUMAN RESOURCE MANAGEMENT
999 _c182902
_d182902